000 00488nam a2200193 a 4500
001 1758696064973
003 YourLibrary
005 20250924121255.0
008 250924s2010##################000#0#eng##
020 _a9780123747273
082 0 4 _a572.88
_bFAR
100 1 _aFarrell, Robert E.,
_eauthor.
245 1 0 _aRNA Methodologies :
260 _bAcademic Press,
_c2010.
300 _a717 pages
650 0 _aScience.
942 _cENGLISH
040 _aYourLibrary
_beng
_cYourLibrary
999 _c589192
_d589192